| 000 | 00962nas a2200277 4500 | ||
|---|---|---|---|
| 001 | BR9000925 | ||
| 003 | BR-BrBNA | ||
| 005 | 20231205091818.0 | ||
| 007 | ta | ||
| 008 | 230509b bl.|||p| |||| 00| 00por d | ||
| 040 |
_aBR-BrBNA _bpor _cBiblioteca Nacional de Agricultura |
||
| 041 | _a(Pt) | ||
| 072 | _aF01 | ||
| 100 | 1 | _aCarneiro, J.W.P. | |
| 100 | 1 | _aBertonha, A. | |
| 100 | 1 | _aMartins, E.N. | |
| 245 | 1 | _aInfluencia da idade da cultura apos o corte de uniformizacao em algumas caracteristicas agronomicas da Stevia rebaudiana Bertoni | |
| 246 | 1 | _aThe influence of crop age after cutting on some agronomic characteristics of Stevia rebaudiana Bertoni | |
| 650 | _aSTEVIA | ||
| 650 | _aCORTE | ||
| 650 | _aCARACTERISTICAS AGRONOMICAS | ||
| 650 | _aIDADE | ||
| 773 | 0 |
_tPesquisa Agropecuaria Brasileira (Brazil) _xISSN 0100-204X _g(Feb 1989), v. 24(2) p. 211-215 _wBR9000925 |
|
| 909 |
_a202311 _bLúcia _c55 _dLúcia Elande |
||
| 942 |
_2AGRIS _n0 _cANA |
||
| 999 |
_c127514 _d127514 |
||